000 00449nam a2200181Ia 4500
005 20240823015152.0
008 240823s9999||||xx |||||||||||||| ||und||
041 _aENGLISH
082 _A338 P4
100 _aChhabra T N
245 0 _aIndustrial Economics and Principles of management
250 _a2nd
260 _c2004
_bDhanpat Rai &
_aDelhi
500 _aYES
650 _aEconomics
_bManagement Studies
942 _cBK
999 _c171796
_d171796